Visualizzazione normale
Vista MARC
- Anselmi Daniele
di Personal Name
Records bibliografici associati: 4
001 - CONTROL NUMBER
- control field: 29755
003 - CONTROL NUMBER IDENTIFIER
- control field: IT-RoPau
005 - DATE AND TIME OF LATEST TRANSACTION
- control field: 20140615101833.0
008 - FIXED-LENGTH DATA ELEMENTS
- fixed length control field: 140615|| aca||aabn | a|a d
040 ## - CATALOGING SOURCE
- Original cataloging agency: IT-RoPau
- Transcribing agency: IT-RoPau
100 ## - HEADING--PERSONAL NAME
- Personal name: Anselmi Daniele
670 ## - SOURCE DATA FOUND
- Source citation: Work cat.: (IT-RoPau)101189: Anselmi Daniele, Oggi la luce risplende su noi